El taller de prensa en tu clase: un instrumento para el desarrollo de la expresión comprensión

Uloženo v:
Podrobná bibliografie
Hlavní autoři: Jurado, J (Autor), Gilabert, L (Autor)
Médium: Kniha
Jazyk:španělština
Vydáno: Barcelona Octaedro 1994
Vydání:3a. ed
Edice:Cuadernos Octaedro. Serie Lengua y Comunicación
Témata:
Tagy: Přidat tag
Žádné tagy, Buďte první, kdo vytvoří štítek k tomuto záznamu!

MARC

LEADER 00000nam a2200000 a 4500
001 UCU4879
003 CL-VaPUC
008 960531e19940000SP |||||||||||||||||spa|d
082 0 4 |a 070.4  |b JUR  |2 21 
100 |a Jurado, J  |e author  |9 539576 
700 0 |a Gilabert, L  |e author  |9 362595 
245 1 3 |a El taller de prensa en tu clase: un instrumento para el desarrollo de la expresión comprensión 
250 |a 3a. ed 
300 |a 114 p 
942 |c BK 
945 |d 19960531 00:00:00  |a rbrito 
260 |a Barcelona  |b Octaedro  |c 1994 
650 0 |a Prensa  |9 258117 
650 7 |a PRENSA DE INFORMACION  |2 CL-VaPUC  |9 335512 
650 0 |a Medios de comunicación de masas  |9 257273 
650 0 |a Periodismo   |9 310113 
650 7 |a REDACTORES  |2 CL-VaPUC  |9 334808 
583 |a last modification  |c 19960531 00:00:00  |k Rodrigo Vera 
490 0 |a Cuadernos Octaedro. Serie Lengua y Comunicación 
999 |c 248407  |d 248405 
952 |0 0  |1 0  |4 0  |6 070_400000000000000_JUR_1994  |7 0  |8 A  |9 265017  |a BIBCUR  |b BIBCUR  |d 2019-11-19  |i 3206300  |o 070.4 JUR 1994  |p 3206300  |r 2025-04-22  |w 2019-11-19  |y BK  |k PER